Joueur de foot dans leur enfance #2 - Statistiques

Statistiques générales
  • Ce quiz a été pris 206 fois
  • Le résultat moyen est 7 sur 16
Statistiques - réponses
Par images Réponse % Correct
Bale
93%
Sergio Ramos
93%
Aubameyang
89%
Messi
89%
Eriksen
67%
Joao Felix
60%
Firmino
49%
Leroy Sane
49%
Dani Alves
32%
Manuel Neuer
30%
Jack Grealish
29%
Marcelo
19%
Lukaku
11%
De Ligt
9%
Rodriguez
3%
Emre Can
1%
Aucun quiz correspondant
Distribution des résultats
% des personnes avec chaque résultat
Percentile par nombre de réponses
Votre historique - résultats
Vous n’avez pas pris ce quiz